Statistics for Nottingham Forest Squad 2022-2023

Click here to take the quiz!

General Stats

  • This quiz has been taken 216 times
    (7 since last reset)
  • The average score is 26 of 40

Answer Stats

#PositionNationPlayer% Correct
28MFBrazilDanilo
100%
20FWWalesBrennan Johnson
83%
21MFSenegalCheikhou Kouyaté
83%
39FWNew ZealandChris Wood
83%
25FWNigeriaEmmanuel Dennis
83%
38DFBrazilFelipe
83%
15DFEnglandHarry Toffolo
83%
10MFEnglandMorgan Gibbs-White
83%
19DFSenegalMoussa Niakhaté
83%
7DFWalesNeco Williams
83%
23MFSwitzerlandRemo Freuler
83%
26DFScotlandScott McKenna
83%
30DFIvory CoastWilly Boly
83%
17FWEnglandAlex Mighten
67%
1GKEnglandDean Henderson
67%
2DFFranceGiulian Biancone
67%
11MFEnglandJesse Lingard
67%
4DFEnglandJoe Worrall
67%
12GKCosta RicaKeylor Navas
67%
14MFEnglandLewis O'Brien
67%
5MFBelgiumOrel Mangala
67%
22MFEnglandRyan Yates
67%
16FWEnglandSam Surridge
67%
24DFIvory CoastSerge Aurier
67%
-CoachWalesSteve Cooper
67%
9FWNigeriaTaiwo Awoniyi
67%
13GKWalesWayne Hennessey
67%
34FWGhanaAndré Ayew
50%
18MFPortugalCafú
50%
31MFBrazilGustavo Scarpa
50%
8MFEnglandJack Colback
50%
6MFEnglandJonjo Shelvey
50%
12GKEnglandJordan Smith
50%
6DFFranceLoïc Mbe Soh
50%
33FWMontserratLyle Taylor
50%
32DFBrazilRenan Lodi
50%
3DFEnglandSteve Cook
50%
31MFIrelandHarry Arter
33%
27DFEnglandOmar Richards
33%
28DFFranceLoïc Badé
0%

Score Distribution

Percentile by Number Answered

Percent of People with Each Score

Your Score History

You have not taken this quiz since the last reset